Catalogue des livres composant la bibliothèque du Chateau de Vaux-Praslin (Record no. 171595)

MARC details
000 -LEADER
campo de control de longitud fija 00544nam a2200145 i 4500
001 - NÚMERO DE CONTROL
campo de control 171595
003 - IDENTIFICADOR DE NÚMERO DE CONTROL
campo de control ES-MaACL
005 - FECHA Y HORA DE LA ÚLTIMA TRANSACCIÓN
campo de control 20230906214655.0
008 - DATOS DE LONGITUD FIJA--INFORMACIÓN GENERAL
campo de control de longitud fija 090521s1876 fr |||| | fre d
245 00 - MENCIÓN DEL TÍTULO
Título Catalogue des livres composant la bibliothèque du Chateau de Vaux-Praslin
Resto del título : dont la vente aura lieu le jeudi, 27 avril 1876, et jours suivants a deux heures précises...
260 ## - PUBLICACIÓN, DISTRIBUCIÓN, ETC.
Lugar de publicación, distribución, etc. Paris :
Nombre del editor, distribuidor, etc. Adolphe Labitte,
Fecha de publicación, distribución, etc. 1876.
300 ## - DESCRIPCIÓN FÍSICA
Extensión 106 p. ;
Dimensiones 25 cm.
650 04 - PUNTO DE ACCESO ADICIONAL DE MATERIA--TÉRMINO DE MATERIA
Término de materia o nombre geográfico como elemento de entrada Libros-
Subdivisión de forma Catálogos de subastas.
9 (RLIN) 14429
852 ## - LOCALIZACIÓN
Ubicación ES-MaACL
Número de control de estantería T-204-F-4
Holdings
Estatus retirado Estado de pérdida Estado de daño No para préstamo Colección Biblioteca de origen Biblioteca actual Ubicación en estantería Fecha de adquisición Fuente de adquisición Total de préstamos Signatura topográfica completa Código de barras Visto por última vez Precio de reemplazo Tipo de ítem Koha
        Colección de folletos Biblioteca del Ateneo de Madrid Biblioteca del Ateneo de Madrid Depósito folletos 21/05/2009     T-204-F-4 1180078 23/02/2023 23/02/2023 Folleto